00839 a2200181 45000010006000000050017000060080041000230030015000640400040000790800098001192450067002170200018002842640029003023000019003315050277003500410008006271000022006355457920260407155819.0260407a1975 arg spa dAR-UNSa-BCEJYS aAR-UNSa-BCEJYSbspacAR-UNSa-BCEJYS a316.334.3xSociología de subsistemas e instituciones políticas. Sociología política 10aSociología de la políticapElementos de ciencia política a84-344-1669-7 1aBarcelona :bArielc1975 a461 p.c19 cm. aPrimera parte: Conjuntos sociales - I. Las colectividades - II. Las culturas - Segunda parte: Estructuras sociales - III. Jerarquías y poderes - IV. Organizaciones y funciones - Tercera parte: Sistemas sociales - V. Los modelos de sistemas - VI. Los sistemas políticos aspa1 aDuverger, Maurice